000 00951nam a2200301 a 4500
001 000009284
003 OSt
005 20240412074210.0
008 090929s2000 dr 000 0 spa d
020 _a9993423106
040 _aDO-SdBNP
_bspa
_cBNPHU
082 4 _aRD861.44
_bM181L
100 1 _aMadera, Osiris
_914884
245 1 0 _aLaberintos mágicos /
_cOsiris Madera ; presentación George Manuel Hazoury Peña.
260 _aSanto Domingo :
_bBANRESERVAS,
_c2000.
300 _a276 p. :
_c23 cm.
490 1 _aBanreservas
490 1 _aLiteratura ;
_vv. 8 ;
500 _aIncluye datos biográficos del autor en las solapas
590 _aInventariado, 2021/ YL
650 4 _aPoesía dominicana
_966
650 0 _aLiteratura dominicana.
_967
700 1 _aHazoury Peña, George Manuel
_931664
830 0 _aBanreservas
_99258
830 0 _aLiteratura
_vv. 8
_98095
910 _aYLOCKWARD/Validado. Control de calidad MFF
942 _2ddc
_cLBS1
999 _c9046
_d9046